000 00819cam a2200253 a 4500
001 000014325
005 20240604202930.0
008 870202s1986 sw a b 000 0 eng d
020 _a9187134012
035 _a(DLC) 87108739
040 _aDO-SdBNP
_beng
_cDLC
_dDLC
_dBNPHU
082 _a336.34358
_bD288c
245 0 4 _aThe Debt crisis in Latin America.
260 _aStockholm :
_bInstitute of Latin American Studies,
_c1986.
300 _a199 p. :
_bil. ;
_c22 cm.
490 1 _aMonographs
_v13
650 4 _aDeuda externa
_zAmérica Latina
_99160
651 4 _aAmérica Latina
_xRelaciones Exteriores
_94075
650 0 _aFinanzas internacionales
_97882
710 1 _aLatinamerika-institutet i Stockholm.
_932318
830 0 _aMonographs ;
_v13
_932319
910 _aCatalogación por copia / LC
049 _aBNGR
999 _c13920
_d13920